Estatísticas para Times campeões da Libertadores

Clique aqui para jogar o quiz

Estatísticas Gerais

  • Esse quiz foi jogado 836 vezes
    (222 desde o último reset)
  • A pontuação média é 56 de 64

Estatísticas das Respostas

HIntResposta% Correto
2022Flamengo
99%
2019Flamengo
99%
1981Flamengo
99%
2023Fluminense
99%
2007Boca Juniors
97%
1977Boca Juniors
97%
2000Boca Juniors
97%
2001Boca Juniors
97%
2003Boca Juniors
97%
1978Boca Juniors
97%
2012Corinthians
97%
2017Grêmio
97%
1995Grêmio
97%
1983Grêmio
97%
1999Palmeiras
97%
2021Palmeiras
97%
2020Palmeiras
97%
1986River Plate
96%
1996River Plate
96%
2018River Plate
96%
2015River Plate
96%
1993São Paulo
96%
1992São Paulo
96%
2005São Paulo
96%
1962Santos
95%
1963Santos
95%
2011Santos
95%
2013Atlético Mineiro
94%
2006Internacional
94%
2010Internacional
94%
1998Vasco da Gama
92%
1976Cruzeiro
88%
1997Cruzeiro
88%
1973Independiente
87%
1974Independiente
87%
1975Independiente
87%
1972Independiente
87%
1965Independiente
87%
1984Independiente
87%
1964Independiente
87%
1961Peñarol
84%
1966Peñarol
84%
1960Peñarol
84%
1982Peñarol
84%
1987Peñarol
84%
1980Nacional
82%
1988Nacional
82%
1971Nacional
82%
2016Atlético Nacional
79%
1989Atlético Nacional
79%
1967Racing Club
78%
2008LDU - Liga de Quito
76%
1968Estudiantes
75%
2009Estudiantes
75%
1970Estudiantes
75%
1969Estudiantes
75%
1979Olímpia
73%
2002Olímpia
73%
1990Olímpia
73%
2014San Lorenzo
72%
1991Colo-Colo
67%
2004Once Caldas
65%
1985Argentinos Juniors
63%
1994Vélez Sarsfield
63%

Distribuição das Pontuações

Percentil de Números Respondidos

Porcentagem de Pessoas com Cada Pontuação

Sua Pontuação Histórica

Você não jogou esse quiz desde o último reset